LEADER 00399nab a2200145 i 4500 001 000000336929 003 CaOOAMICUS 005 20191007085930.0 008 191007n xx uu u0 0und r 013 $a35062 040 $aSeMil$bita 245 10$a2018 : 1. 773 0 $t2018.$dBerlin ; Boston : De Gruyter, copyr. 2018.$w()336928 996 $6245$a2018 : 1$9(OLS)http://semarc/title/414835 LEADER 01015nam a2200265 i 4500 001 000000124797 003 CaOOAMICUS 005 20050923000000.0 008 050923s1968 it u000 u ita u 013 $a97494 040 $aSeMil$bita 100 1 $aBossaglia, Rossana,$d<1925-2013>.$0(OLS)http://semarc/name/5334 245 13$aIl Liberty in Italia /$cRossana Bossaglia. 260 $aMilano :$bIl Saggiatore,$c1968. 300 $a174 p., [40] p di tav. ;$c21 cm. 490 0 $aLa cultura ;$v19 500 $aContiene : Fonti e bibliografia. - Fondo Ciprandi. 650 4$aArte liberty - Italia.$0(OLS)http://semarc/subject/24153 830 3$aLa cultura ;$v19.$0(OLS)http://semarc/title/6877 850 $aSeMil 852 $aSeMil$W1$xVenegono$y1$m5R I 55$j79316$B79316$CSeMilBibl$Z2$F103310 $81 941 1 $a1 961 $aOmaggio: Ciprandi dott. Paolo 996 $6245$aIl Liberty in Italia$9(OLS)http://semarc/title/183687 996 $6260$aMilano :$bIl Saggiatore$9(OLS)http://semarc/publisher/30255